000 00613nam a2200253Ia 4500
003 OSt
005 20221005115558.0
006 a|||||r|||| 00| 0
007 ta
008 221004b |||||||| |||| 00| 0 tam d
020 _c3.50
024 _a49499
037 _cTextual
040 _aCRL
_cCRL
_btam
041 _2tam
_atam
082 _aO31,3N17,18, K1
100 _aMayavi Au.
_9584042
245 0 _aChingamettu bangala
260 _c1961
300 _a164p.
_ccm.
650 _aTAMIL FICTION
942 _hO31,3N17,18, K1
_cTEXL
_2cc
999 _c1035266
_d1035266